000
00304nam a2200109Ia 4500
008
171211s9999 xx 000 0 und d
245
_a
Aikido and the Harmony of Nature
245
_c
Mitsugi Saotome
260
_c
1993
650
_x
Martial Arts
856
_u
http://down.ebook777.com/056/9780877738558.pdf
999
_c
348213
_d
348213